The little garden in the corner. (Record no. 8605)

MARC details
000 -LEADER
fixed length control field 00622nam a2200253Ia 4500
001 - CONTROL NUMBER
control field AUWbook008353
003 - CONTROL NUMBER IDENTIFIER
control field BDCtgAUW
005 - DATE AND TIME OF LATEST TRANSACTION
control field 20260406165244.0
008 - FIXED-LENGTH DATA ELEMENTS--GENERAL INFORMATION
fixed length control field 220908s9999 xx 000 0 eng d
020 ## - INTERNATIONAL STANDARD BOOK NUMBER
International Standard Book Number 09868320016
040 ## - CATALOGING SOURCE
Original cataloging agency BDCtgAUW
Transcribing agency BDCtgAUW
050 ## - LIBRARY OF CONGRESS CALL NUMBER
Classification number AC8.R43
100 1# - MAIN ENTRY--PERSONAL NAME
Personal name Rahman, Mizan.
9 (RLIN) 53449
245 #0 - TITLE STATEMENT
Title The little garden in the corner.
250 ## - EDITION STATEMENT
Edition statement First edition.
260 ## - PUBLICATION, DISTRIBUTION, ETC.
Place of publication, distribution, etc. Canada :
Name of publisher, distributor, etc. Arial,
Date of publication, distribution, etc. 2012.
650 #0 - SUBJECT ADDED ENTRY--TOPICAL TERM
Topical term or geographic name entry element Collected works.
650 #0 - SUBJECT ADDED ENTRY--TOPICAL TERM
Topical term or geographic name entry element Collected works.
650 #0 - SUBJECT ADDED ENTRY--TOPICAL TERM
Topical term or geographic name entry element Curiosities and wonders.
887 ## - NON-MARC INFORMATION FIELD
Content of non-MARC field BRAC
888 ## -
-- 2982
942 ## - ADDED ENTRY ELEMENTS (KOHA)
Koha item type Books
Koha issues (borrowed), all copies 0
Source of classification or shelving scheme Library of Congress Classification
945 ## - LOCAL PROCESSING INFORMATION (OCLC)
c BK
Holdings
Withdrawn status Lost status Damaged status Not for loan Home library Current library Shelving location Date acquired Source of acquisition Serial Enumeration / chronology Full call number Barcode Date last seen Koha item type Price effective from
        Asian University for Women Library Asian University for Women Library General Stacks 13/05/2013 Donation 2012 AC8.R43 023485 18/07/2013 Books  
        Asian University for Women Library Asian University for Women Library General Stacks 13/05/2013     AC8.R43 024971 18/07/2013 Books 08/09/2022